Statistiques concernant Equipe de France - Coupe du Monde 2022

Cliquez ici pour prendre le quiz!

Statistiques générales

  • Ce quiz a été pris 883 fois
  • Le résultat moyen est 24 sur 28

Statistiques - réponses

PosteClub du momentNom du joueur% Correct
G1TottenhamHugo LLORIS
98%
ATT10PSGKylian MBAPPE
97%
ATT7Atlético MadridAntoine GRIEZMANN
96%
ATT9AC MilanOlivier GIROUD
96%
D2Bayern MunichBenjamin PAVARD
94%
D21Bayern MunichLucas HERNANDEZ
94%
D22AC MilanThéo HERNANDEZ
94%
ATT11FC BarceloneOusmane DEMBELE
92%
M8Real MadridAurélien TCHOUAMENI
91%
Coach//FranceDidier DESCHAMPS
91%
G23West HamAlphonse AREOLA
90%
M25Real MadridEdouardo CAMAVINGA
90%
ATT12Eintracht FrancfortRandal KOLO MUANI
89%
D4Man. UnitedRaphaël VARANE
89%
D5FC BarceloneJules KOUNDE
88%
G16RennesSteve MANDANDA
88%
M14JuventusAdrien RABIOT
85%
D18Bayern MunichDayot UPAMECANO
84%
ATT20Bayern MunichKingsley COMAN
84%
ATT19Real MadridKarim BENZEMA
83%
D24LiverpoolIbrahima KONATE
81%
ATT26Borussia MönchengladbachMarcus THURAM
78%
D17ArsenalWilliam SALIBA
77%
M6OMMattéo GUENDOUZI
76%
M15OMJordan VERETOUT
74%
M13AS MonacoYoussouf FOFANA
69%
D3AS MonacoAxel DISASI
57%
Adjoint//FranceGuy STEPHAN
52%

Distribution des résultats

Percentile par nombre de réponses

% des personnes avec chaque résultat

Votre développement - résultats

Vous n’avez pas pris ce quiz